| 000 | 00648nam a2200205Ii 4500 | ||
|---|---|---|---|
| 003 | JO-AjNU | ||
| 008 | 230605s9999||||xx |||||||||||||| ||und|| | ||
| 017 | _a2009/10/4440 | ||
| 040 |
_aJO-AjNU _bara _erda _cJO-AjNU |
||
| 041 | _aara | ||
| 050 | 1 | 4 | _aPJ7846.A16.S32 2000 |
| 100 | 3 |
_aتأليف مدانات،عدي, _eauthor _923110 |
|
| 245 | 0 | 0 | _aصباح الخير أيتها الجارة: قصص |
| 264 | 3 | 1 | _aعمان:وزارة الثقافة،2009 |
| 300 | _a266ص | ||
| 336 |
_atext _btxt _2rdacontent |
||
| 337 |
_aunmediated _bn _2rdamedia |
||
| 338 |
_avolume _bnc _2rdacarrier |
||
| 650 | 4 |
_aالأدب العربي - قصص _923111 |
|
| 999 |
_aA8309 _c11877 _d11877 |
||